000 00982nam a2200253Ia 4500
003 OSt
005 20221005104427.0
006 a|||||r|||| 00| 0
007 ta
008 221004b |||||||| |||| 00| 0 hin d
024 _a32800
037 _cTextual
040 _aCRL
_cCRL
_bhin
041 _2hin
_ahin
082 _aP15,Cx1,1,6, 152L9
100 _aवरदराज
245 0 _aलघुसिद्धान्तकौमुदी
_b सुबन्त प्रकरण संपादक कान्ता भाटिया
246 _aLaghusiddhāntakaumudī: subanta prakaraṇ sanpādak kāntā bhāṭiyā
260 _aदिल्ली
_bभारतीय विद्या प्रकाशन भारत
_c1979
300 _a558पृ.
_ccm.
650 _aलघु सिद्धांत कौमुदी
_9168418
942 _hP15,Cx1,1,6, 152L9
_cTEXL
_2cc
999 _c1012692
_d1012692